| 000 | 00409cam a2200181 4500 | ||
|---|---|---|---|
| 001 | D12704 | ||
| 008 | 090401t1935 xxu||||| |||| 00| 0 eng d | ||
| 035 | _a(Sirsi) u5204 | ||
| 041 | _aeng | ||
| 100 | _aEvershed, Wilfred L | ||
| 245 | _aSpecifications for building works | ||
| 250 | _a2nd | ||
| 260 |
_aLondon _bPitman _c1935 |
||
| 350 | _a0 | ||
| 520 | _aShelf 115 | ||
| 942 | _n0 | ||
| 948 | _c04/03/1997 | ||
| 999 |
_c86141 _d86141 |
||